Zaručené polopravdy o zaručenom elektronickom podpise

Efektívnosť zaručeného elektronického podpisu na Slovensku. Snaha o reálne a masové používanie ZEP. Problémové oblasti na ktoré sa treba sústrediť,.

Uložené v:
Podrobná bibliografia
Hlavný autor: Ohrablo, Michal
Médium: Kapitola
Jazyk:Slovak
Predmet:
Tagy: Pridať tag
Žiadne tagy, Buďte prvý, kto otaguje tento záznam!

MARC

LEADER 00000naa$a2200000$$$4500
001 0079909
005 20230929121746.7
041 0 |a slo 
044 |a SK 
245 1 0 |a Zaručené polopravdy o zaručenom elektronickom podpise  |c Michal Ohrablo 
520 |a Efektívnosť zaručeného elektronického podpisu na Slovensku. Snaha o reálne a masové používanie ZEP. Problémové oblasti na ktoré sa treba sústrediť,. 
610 2 0 |a podpis elektronický 
610 2 0 |a bezpečnosť informačná 
610 2 0 |a technológie informačné 
610 2 0 |a technológie komunikačné 
610 2 0 |a legislatíva 
610 2 0 |a Slovensko 
610 2 0 |a systémy informačné 
610 2 0 |a zákonník občiansky 
100 1 |a Ohrablo, Michal